000 00422nam a2200169Ia 4500
008 170705s9999 xx 000 0 und d
020 _a590409174
245 4 _aThe phantom tollbooth /
245 _cNorton Juster ; illustrated by Jules Feiffer.
260 _aNew York :
260 _bScholastic,
260 _c1961
300 _a255 pages :
300 _bcolor illustration ;
300 _c19cm.
500 _a1000
999 _c336640
_d336640